000 00436nam a2200157Ia 4500
008 230917s9999||||xx |||||||||||||| ||und||
020 _cRS250
040 _e34088
_aMAIN
041 _aEnglish
082 _a823.08 J413T
100 _aKarnad, Girish
245 0 _aThree modern Indian plays-Tughlaq evam Indrajit: Silence the court is in session
260 _aOxford
_bOxford University Press
_c2002
300 _a78 p.
942 _cBK
999 _c112461
_d112461